000 nam a22 a 4500
999 _c901
_d901
003 AKMAL
005 20170505164358.0
008 170505s1995 my | e | 000 0 may d
020 _a9830460282 (kkt.) :
_cRM5.00
039 9 _a200808131508
_bazma
_c200806300902
_daidayasmalizay
040 _aAKMAL
_cAKMAL
041 1 _amay
_hara
049 _amal
082 0 4 _a297.18 MUH
_222
090 0 0 _a297.18
_bMUH
100 1 _aQuthub, Muhammad Ali
_91926
245 1 0 _aKisah Nabi Yusuf A.S. dengan isteri Al-Aziz /
_cMuhammad Ali Qutub ; penterjemah Mohd. Roihan Hasbullah & Syahrin Nasution
246 1 _iJudul asal :
_aYusuf Alaihissalam Wa Imra'atu Al-Aziz
260 _aKuala Lumpur :
_bDarul Nu'man,
_c1995
300 _avi, 108ms. ;
_c19cm.
500 _aMengandungi ayat-ayat dari Quran
650 1 0 _aProphets, Pre-Islamic
_91770
650 2 0 _aProphets in the Qur'an
_9757
650 2 0 _aIslamic stories, Malay
_91556
700 0 _aMohd Roihan Hasbullah
_91927
700 1 _aNasution, Syahrin
_91549
942 _2ddc
_cBOOK